| 000 | 00556nam a22001937a 4500 | ||
|---|---|---|---|
| 005 | 20160314084618.0 | ||
| 008 | 160309b mx||||| |||| 00| 0 spa d | ||
| 020 | _a9786078147144 | ||
| 050 | 0 | 4 |
_aHQ471 _bT67 2013 |
| 100 | 1 |
_aTorres, Diana J., _d1981- |
|
| 245 | 1 | 0 |
_aPornoterrorismo / _cDiana J. Torres |
| 260 |
_aOaxaca de Juárez, Oaxaca : _bSurplus; _c2013 |
||
| 300 |
_a217 p. ; _c22 cm. |
||
| 504 | _aIncluye índice | ||
| 650 | 0 | 4 |
_aPornografía _xAspectos sociales |
| 650 | 0 | 4 | _aÉtica sexual |
| 650 | 0 | 4 | _aTerrorismo |
| 942 |
_2lcc _cLIB |
||
| 999 |
_c114420 _d114420 |
||